书目信息 |
| 题名: |
《弹性力学》题解
|
|
| 作者: | 林小松 , 樊友景 主编 | |
| 分册: | ||
| 出版信息: | 武汉 武汉理工大学出版社 2003.12 |
|
| 页数: | 234页 | |
| 开本: | 26cm | |
| 丛书名: | 21世纪土木工程专业辅导丛书 | |
| 单 册: | ||
| 中图分类: | O343 | |
| 科图分类: | ||
| 主题词: | 弹性力学--高等学校--教学参考资料 | |
| 电子资源: | ||
| ISBN: | 7-5629-2030-3 | |
| 000 | 00772nam2 2200253 45 | |
| 001 | 012004000000 | |
| 005 | 20050104101240.45 | |
| 010 | @a7-5629-2030-3@dCNY 21.00 | |
| 100 | @a20041220d2003 em y0chiy0121 ea | |
| 101 | 0 | @achi |
| 102 | @aCN@b420000 | |
| 105 | @aa z 000yy | |
| 200 | 1 | @a《弹性力学》题解@Atan xing li xue ti jie@f林小松, 樊友景主编 |
| 210 | @a武汉@c武汉理工大学出版社@d2003.12 | |
| 215 | @a234页@c图@d26cm | |
| 225 | 2 | @a21世纪土木工程专业辅导丛书 |
| 320 | @a书末附附录和参考文献 | |
| 410 | 0 | @12001 @a21世纪土木工程专业辅导丛书 |
| 606 | 0 | @a弹性力学@x高等学校@j教学参考资料 |
| 690 | @aO343@v4 | |
| 701 | 0 | @a林小松@Alin xiao song@4主编 |
| 701 | 0 | @a樊友景@Afan you jing@4主编 |
| 801 | 0 | @aCN@bQSSKxf@c20050104 |
| 905 | @a10447@dO343@eL520 | |
| 《弹性力学》题解/林小松, 樊友景主编.-武汉:武汉理工大学出版社,2003.12 |
| 234页:图;26cm.-(21世纪土木工程专业辅导丛书) |
| ISBN 7-5629-2030-3:CNY 21.00 |
| ● |
| 相关链接 |
|
|
|
正题名:《弹性力学》题解
索取号:O343/L520
 
预约/预借
| 序号 | 登录号 | 条形码 | 馆藏地/架位号 | 状态 | 备注 |
| 1 | 433985 | 204339858 | 自科库401/401自科库 52排7列4层/ [索取号:O343/L520] | 在馆 | |
| 2 | 433986 | 204339867 | 自科库401/401自科库 52排7列4层/ [索取号:O343/L520] | 在馆 | |
| 3 | 433987 | 204339876 | 自科库401/401自科库 52排7列4层/ [索取号:O343/L520] | 在馆 | |
| 4 | 433988 | 204339885 | 自科库401/401自科库 52排7列4层/ [索取号:O343/L520] | 在馆 | |
| 5 | 433989 | 204339894 | 自科库401/401自科库 52排7列4层/ [索取号:O343/L520] | 在馆 |